Conducir gente es tan difícil como arrear gatos : Los líderes, ¿se pueden hacer? / Warren Bennis (Registro nro. 14605)
[ vista simple ]
| 000 -LÍDER | |
|---|---|
| fixed length control field | 00550nam a2200169 4500 |
| 008 - ELEMENTOS DE LONGITUD FIJA -- INFORMACIÓN GENERAL | |
| fixed length control field | 0 2000 0x 000 0ESP |
| 020 ## - NÚMERO INTERNACIONAL NORMALIZADO PARA LIBROS | |
| ISBN | 84-7577-809-7 |
| 050 ## - SIGNATURA TOPOGRAFICA DE LA BIBLIOTECA DEL CONGRESO (LC) | |
| Número de Clasificación | HD57 7 B464 1997 |
| 082 ## - NUMERO DE CLASIFICACION DECIMAL DEWEY | |
| Número de Clasificación | 658.321 B469c |
| 100 ## - ASIENTO PRINCIPAL--NOMBRE PERSONAL | |
| Nombre personal | Bennis, Warren |
| 245 ## - TÍTULO | |
| Título | Conducir gente es tan difícil como arrear gatos : Los líderes, ¿se pueden hacer? / Warren Bennis |
| 260 ## - PUBLICACIÓN, DISTRIBUCIÓN, ETC. (PIE DE IMPRENTA) | |
| Lugar de publicación, distribución, etc. | España: Granica |
| 300 ## - DESCRIPCIÓN FÍSICA | |
| Extensión | 202 p. / 22 cm. |
| 500 ## - NOTA GENERAL | |
| Nota general | Incluye índice |
| 650 ## - ASIENTO SECUNDARIO DE MATERIA - TERMINO TEMÁTICO | |
| Término temático o nombre geográfico como elemento de entrada | 1.LIDERAZGO \ 2.EFICIENCIA ORGANIZACIONAL |
| 700 ## - ASIENTO SECUNDARIO - NOMBRE PERSONAL | |
| Nombre personal | Villegas, Federico, Tr. |
| No. biblioteca | No. biblioteca | Número de clasificación | Código de barras/Número de adquisición | Número de copia | Tipo de material |
|---|---|---|---|---|---|
| LUIS G. INCLAN | LUIS G. INCLAN | 658.321 B469c | 36803 | 1 | Libros |
